000 00760nam a2200253Ia 4500
003 OSt
005 20220927105023.0
006 a|||||r|||| 00| 0
007 ta
008 220926b |||||||| |||| 00| 0 eng d
024 _a187310
037 _cReference Collections
040 _aRTL
_cRTL
_beng
041 _2eng
_aeng
082 _a"X9(J58).2.N50t, J0"
110 _aINDIAN CENTRAL OILSEEDS COMMITTEE
_9369512
245 0 _a"Annual report,1950"
260 _aNew
_bDelhi Indian Central Oilseeds Committeee
_c1950
300 _a48p
_ccm.
500 _aAppendices: 34-48P
700 _aINDIAN CENTRAL OILSEEDS COMMITTEE
_9369513
942 _h"X9(J58).2.N50t, J0"
_cCC
999 _c690266
_d690266